| 000 | 00523nam a2200181 4500 | ||
|---|---|---|---|
| 003 | SEACOMMC | ||
| 005 | 20250506114429.0 | ||
| 008 | 250422b |||||||| |||| 00| 0 eng d | ||
| 020 |
_a 978-81-259-3083-9 _cRs.175.00 |
||
| 040 | _aSEACOMMC | ||
| 082 |
_a510.2462 _bB 575 |
||
| 100 | _a Bhui, Bikas Chandra | ||
| 245 | 1 |
_aMathematics for BCA volume. II / _cBikas Chandra Bhui [and] Dipak Chatterjee |
|
| 260 |
_a Kolkata _b Vikas Publishing House _c c 2009 |
||
| 300 | _aVol. 2 | ||
| 650 | _a Mathematics | ||
| 942 | _cBOOK | ||
| 999 |
_c1206 _d1206 |
||